| 000 | 00823nam a22002057a 4500 | ||
|---|---|---|---|
| 999 |
_c17496 _d17496 |
||
| 003 | AR-CdUCM | ||
| 008 | 190508b ||||| |||| 00| 0 spa d | ||
| 040 |
_aMUNICIPALIDAD PROVINCIAL DEL CUSCO _cBIBLIOTECA MUNICIPAL DEL CUSCO |
||
| 082 |
_a514 / _bT48 |
||
| 100 |
_aThompson, J.E. _920183 |
||
| 245 | _aTrigonometria / | ||
| 260 |
_aMéxico : _bUTEHA, _c1950. |
||
| 300 |
_a254 paginas ; _c19 cm. |
||
| 505 | _aContenido :Ángulos, circunferencias y triángulos --Triángulos rectángulos y funciones trigonométricas --Funciones trigonométricas de ángulos agudos notables,lineas y tablas trigonométricas --Resoluciones de triángulos rectángulos / | ||
| 650 |
_aMatematica _920026 |
||
| 650 |
_aFiguras geométricas _920967 |
||
| 650 |
_aTrigonometria _920345 |
||
| 942 |
_2ddc _cLIBROS |
||
| 945 |
_arjall _d2019-05-08 |
||